Historia física y política de Chile
Guardat en:
| Autor principal: | |
|---|---|
| Format: | Llibre |
| Idioma: | espanyol |
| Publicat: |
París, Francia Santiago, Chile
Casa del Autor Museo de Historia Natural
1862
|
| Matèries: | |
| Etiquetes: |
Afegir etiqueta
Sense etiquetes, Sigues el primer a etiquetar aquest registre!
|
MARC
| LEADER | 00000nam a2200000 a 4500 | ||
|---|---|---|---|
| 001 | UCJ7081 | ||
| 003 | CL-VaPUC | ||
| 005 | 20250121152149.0 | ||
| 008 | 070124e18620000FR |||||||||||||||||spa|d | ||
| 999 | |c 323181 |d 323179 | ||
| 040 | |c Pontificia Universidad Católica de Valparaíso | ||
| 082 | 0 | 4 | |a 983 GAY 1862 |2 21 |
| 100 | |a Gay, Claudio, |e 1800-1873 |9 435569 | ||
| 245 | 1 | 0 | |a Historia física y política de Chile |
| 260 | |a París, Francia |a Santiago, Chile |b Casa del Autor |b Museo de Historia Natural |c 1862 | ||
| 300 | |a 2 volúmenes | ||
| 500 | |a v.1: Agricultura | ||
| 500 | |a 8°, media pasta.- Anteport.- v.: pie de imprenta.- Port.- v. en b.- La obra completa de Gay consta de 28 vols. de texto y dos de láminas conocidos como los Atlas de Gay.- De los 28 de texto, dos corresponden a la Agricultura.- A la copia 2 del vol. 2, le faltan anteportada y portada | ||
| 583 | |a last modification |c 20070124 00:00:00 |k Rodrigo Vera | ||
| 650 | 0 | |a Recursos naturales |z CHILE |9 255232 | |
| 650 | 7 | |a HISTORIA DE CHILE |x GEOGRAFIA FISICA |9 814226 | |
| 650 | 0 | |a Suelos |z CHILE |9 260322 | |
| 650 | 7 | |a LIBROS RAROS |2 CL-VaPUC |9 504169 | |
| 942 | |c BK |2 ddc | ||
| 945 | |d 20070124 00:00:00 |a rinostro | ||
| 952 | |0 0 |1 0 |2 ddc |4 0 |6 983_000000000000000_GAY_1862 |7 0 |8 X |9 402568 |a FDOBUD |b FDOBUD |d 2019-11-22 |h v.1 |i 1058169 |o 983 GAY 1862 |p 1058169 |r 2019-11-22 |t 1 |w 2019-11-22 |y BK_X |k BUD | ||
| 952 | |0 0 |1 0 |2 ddc |4 0 |6 983_000000000000000_GAY_1862 |7 0 |8 X |9 402569 |a FDOBUD |b FDOBUD |d 2019-11-22 |h v.2 |i 1058177 |o 983 GAY 1862 |p 1058177 |r 2019-11-22 |t 1 |w 2019-11-22 |y BK_X |k BUD | ||
| 952 | |0 0 |1 0 |2 ddc |4 0 |6 983_000000000000000_GAY_1862 |7 0 |8 X |9 402570 |a FDOBUD |b FDOBUD |d 2019-11-22 |h v.2 |i 1058185 |o 983 GAY 1862 |p 1058185 |r 2019-11-22 |t 2 |w 2019-11-22 |y BK_X |k BUD | ||